000 00727nam a22002177a 4500
999 _c9286
_d9286
003 AR-CdUCM
008 190327b ||||| |||| 00| 0 spa d
020 _a978-84-16715-13-8
040 _aMUNICIPALIDAD PROVINCIAL DEL CUSCO
_cBIBLIOTECA MUNICIPAL DEL CUSCO
082 _aPI-0037 /
_bBYR / pod
100 _aByrne, Skye
_925392
245 _aEl poder de la imaginación de Henry /
260 _aEspaña :
_bUrano,
_c2016.
300 _bilustraciones a colores,
_c23 cm.
500 _aNo cuenta con numeración impresa. Título original: The power of Hanry´s Imagination
650 _aCuento infantil
_93319
650 _aSiglo XX
_98
700 _aGeorge, Nic (Ilustrador)
_925393
942 _2ddc
_cLIBROS
945 _araen